[Event "Douglas PokerStars op"]
[Site "Douglas"]
[Date "2015.10.06"]
[Round "4"]
[White "Weinstein, Shaul"]
[Black "Klein, Felix"]
[Result "0-1"]
[WhiteElo "1991"]
[BlackElo "2306"]
[PlyCount "122"]
[EventDate "2015.10.03"]
[EventType "swiss"]
[EventRounds "9"]
[EventCountry "IOM"]
[SourceTitle "CBM 168 Extra"]
[Source "ChessBase"]
[SourceDate "2015.10.29"]
[SourceVersion "1"]
[SourceVersionDate "2015.10.29"]
[SourceQuality "1"]

1. d4 d5 2. c4 e6 3. Nf3 dxc4 4. Qa4+ Nd7 5. e3 c5 6. Bxc4 Ngf6 7. Nc3 Be7 8. d5 exd5 9. Nxd5 Nxd5 10. Bxd5 0-0 11. Qc2 Nf6 12. Bc4 b5 13. Be2 Bb7 14. 0-0 Qb6 15. a4 a6 16. b3 Be4 17. Bd3 Bxd3 18. Qxd3 Rfd8 19. Qc2 Nd5 20. Bb2 Nb4 21. Qe4 Re8 22. Qg4 Bf8 23. Ne5 Rad8 24. Nd7 Qg6 25. Qxg6 hxg6 26. Rfd1 Be7 27. axb5 axb5 28. Rac1 Nc6 29. Kf1 Na5 30. Rd3 c4 31. bxc4 Nxc4 32. Bc3 Ra8 33. Rd5 Ba3 34. Rb1 Rxe3 35. Be1 Re7 36. Rbxb5 Bd6 37. Nb6 Ra1 38. g3 Nxb6 39. Rxd6 Raxe1+ 40. Kg2 Nd7 41. Rb7 Nf6 42. Rb8+ Re8 43. Rd4 R1e7 44. Rb5 Re2 45. Rf4 Ra2 46. Rb7 g5 47. Rf3 g4 48. Rf4 Ra1 49. h3 gxh3+ 50. Kxh3 Ra6 51. Kg2 Rae6 52. Ra7 R8e7 53. Ra8+ Ne8 54. Kf1 g6 55. Kg2 Kg7 56. Rb8 Rf6 57. Rh4 Re2 58. Kg1 Nd6 59. f4 Nf5 60. Rhh8 Ra6 61. Rhg8+ Kf6 0-1

[Event "Douglas PokerStars op"]
[Site "Douglas"]
[Date "2015.10.03"]
[Round "1"]
[White "Weinstein, Shaul"]
[Black "Williams, Simon Kim"]
[Result "0-1"]
[WhiteElo "1991"]
[BlackElo "2429"]
[PlyCount "66"]
[EventDate "2015.10.03"]
[EventType "swiss"]
[EventRounds "9"]
[EventCountry "IOM"]
[SourceTitle "CBM 168 Extra"]
[Source "ChessBase"]
[SourceDate "2015.10.29"]
[SourceVersion "1"]
[SourceVersionDate "2015.10.29"]
[SourceQuality "1"]

1. d4 e6 2. Nf3 f5 3. Nc3 Nf6 4. Bg5 d5 5. e3 Be7 6. Bd3 0-0 7. 0-0 Nbd7 8. Ne2 Ne4 9. Bxe7 Qxe7 10. c4 c6 11. Rc1 Rf6 12. Ne5 Rh6 13. Qe1 Nxe5 14. dxe5 Qh4 15. h3 Ng5 16. Nf4 Nf3+ 17. gxf3 g5 18. Kg2 gxf4 19. Rh1 Rg6+ 20. Kh2 Bd7 21. Rg1 Kf7 22. Rxg6 hxg6 23. Qd2 fxe3 24. fxe3 d4 25. f4 c5 26. exd4 cxd4 27. Bf1 Bc6 28. Qxd4 Rd8 29. Qc3 g5 30. fxg5 f4 31. g6+ Kg7 32. Qe1 Rd2+ 33. Be2 Rxe2+ 0-1

[Event "Gibraltar Masters 12th"]
[Site "Caleta"]
[Date "2014.02.06"]
[Round "10"]
[White "Byron, Alan M"]
[Black "Weinstein, Shaul"]
[Result "1-0"]
[WhiteElo "2149"]
[BlackElo "2025"]
[PlyCount "77"]
[EventDate "2014.01.28"]
[EventType "swiss"]
[EventRounds "10"]
[EventCountry "GGB"]
[SourceTitle "CBM 159"]
[Source "ChessBase"]
[SourceDate "2014.03.17"]
[SourceVersion "1"]
[SourceVersionDate "2014.03.17"]
[SourceQuality "1"]

1. e4 d5 2. exd5 Qxd5 3. Nc3 Qd6 4. d4 Nf6 5. Nf3 c6 6. Ne5 Nbd7 7. Nc4 Qc7 8. a4 Nb6 9. Ne5 Bf5 10. a5 Nbd5 11. Nxd5 Nxd5 12. c3 e6 13. Bc4 Bd6 14. Qe2 0-0 15. 0-0 Rfe8 16. Re1 a6 17. h3 c5 18. dxc5 Bxc5 19. Nd3 Bxd3 20. Bxd3 Nf4 21. Bxf4 Qxf4 22. Bxh7+ Kf8 23. Bc2 Ke7 24. Ra4 Qg5 25. Re4 Ba7 26. Bb3 Kf8 27. Qf3 Kg8 28. Re5 Qd2 29. R5e2 Qd6 30. Bc2 Qc7 31. Qh5 Rad8 32. Qh7+ Kf8 33. Qh8+ Ke7 34. Qxg7 Rd6 35. Qg5+ Kf8 36. Qh6+ Ke7 37. Qh4+ Kf8 38. Re5 Rd2 39. Qh6+ 1-0

[Event "Gibraltar Masters 12th"]
[Site "Caleta"]
[Date "2014.01.30"]
[Round "3"]
[White "Weinstein, Shaul"]
[Black "Rygg, Snorre"]
[Result "1-0"]
[WhiteElo "2025"]
[BlackElo "1840"]
[PlyCount "31"]
[EventDate "2014.01.28"]
[EventType "swiss"]
[EventRounds "10"]
[EventCountry "GGB"]
[SourceTitle "CBM 159"]
[Source "ChessBase"]
[SourceDate "2014.03.17"]
[SourceVersion "1"]
[SourceVersionDate "2014.03.17"]
[SourceQuality "1"]

1. d4 f5 2. Nc3 e6 3. e4 fxe4 4. Nxe4 Nf6 5. Bg5 Be7 6. Nxf6+ Bxf6 7. h4 Nc6 8. Nf3 d6 9. Qd2 Bd7 10. 0-0-0 Qe7 11. d5 exd5 12. Re1 Be6 13. Bb5 0-0 14. Bxc6 bxc6 15. Nd4 Bxg5 16. hxg5 1-0

[Event "Gibraltar Masters 12th"]
[Site "Caleta"]
[Date "2014.01.29"]
[Round "2"]
[White "Haugli, Petter"]
[Black "Weinstein, Shaul"]
[Result "1-0"]
[WhiteElo "2278"]
[BlackElo "2025"]
[PlyCount "61"]
[EventDate "2014.01.28"]
[EventType "swiss"]
[EventRounds "10"]
[EventCountry "GGB"]
[SourceTitle "CBM 159"]
[Source "ChessBase"]
[SourceDate "2014.03.17"]
[SourceVersion "1"]
[SourceVersionDate "2014.03.17"]
[SourceQuality "1"]

1. d4 Nf6 2. c4 g6 3. Nc3 Bg7 4. e4 d6 5. Nf3 0-0 6. Be2 Bg4 7. 0-0 Nfd7 8. Be3 c5 9. d5 Bxf3 10. Bxf3 Na6 11. Qd2 Re8 12. Be2 Nc7 13. a3 a6 14. Rab1 b5 15. cxb5 axb5 16. Nxb5 Qb8 17. Nxc7 Qxc7 18. Bb5 Reb8 19. a4 Rxb5 20. axb5 Ra2 21. Rfc1 Qb6 22. Qe2 h5 23. h3 Qa7 24. Rc2 Qa4 25. Qc4 Nb6 26. Qxa4 Nxa4 27. b3 Nc3 28. Rxa2 Nxa2 29. b6 Nb4 30. b7 Na6 31. b4 1-0